Government and Economic Growth in the 21st Century A Classical Liberal Response

Saved in:
Bibliographic Details
Other Authors: Castañeda, Juan E.
Format: Book
Language:English
Published: Abingdon Routledge 2025
Edition:1st Edition
Subjects:
Tags: Add Tag
No Tags, Be the first to tag this record!

MARC

LEADER 00000nam a2200000 4500
001 0312642
005 20251030101509.8
020 |a 9781003504412 
041 0 |a eng 
044 |a GB 
245 1 0 |a Government and Economic Growth in the 21st Century  |b A Classical Liberal Response  |c Edited by Juan E. Castañeda 
250 |a 1st Edition 
264 1 |a Abingdon  |b Routledge  |c 2025 
300 |a 232 s. 
500 |a Taylor and Francis e-books. 
610 2 0 |a rast hospodársky 
610 2 0 |a liberalizmus 
610 2 0 |a demokracia 
610 2 0 |a hospodárstvo trhové 
700 1 |a Castañeda, Juan E.